000 00447ntaaa2200169 4500
003 01
005 20251027202225.0
008 0714s1973 ag 01
040 _aAR-BaBN
_bspa
_cAR-BaBN
_eaacr
_dRIC
082 _a268.0100 C76
100 _aConsejo Unido de Educación Cristiana
_99517
245 _aEducando activamente
250 _a1 ed.
260 _aMontevideo :
_bConsejo Unido de Educación Cristiana,
_c1967
300 _a27 p
942 _cBK
999 _c17108
_d17108